SMS Based Environment Monitoring System (SEMS) / (Record no. 611667)
[ view plain ]
| 000 -LEADER | |
|---|---|
| fixed length control field | 01819nam a22001817a 4500 |
| 003 - CONTROL NUMBER IDENTIFIER | |
| control field | NUST |
| 005 - DATE AND TIME OF LATEST TRANSACTION | |
| control field | 20240923102917.0 |
| 082 ## - DEWEY DECIMAL CLASSIFICATION NUMBER | |
| Classification number | 005.1,KHA |
| 100 ## - MAIN ENTRY--PERSONAL NAME | |
| Personal name | Khan, Ahmed Yar |
| 9 (RLIN) | 16192 |
| 245 ## - TITLE STATEMENT | |
| Title | SMS Based Environment Monitoring System (SEMS) / |
| Statement of responsibility, etc. | Ahmed Yar Khan, Ali Shahzeb Khalid, Ali Aman. |
| 260 ## - PUBLICATION, DISTRIBUTION, ETC. | |
| Place of publication, distribution, etc. | MCS, NUST |
| Name of publisher, distributor, etc. | Rawalpindi |
| Date of publication, distribution, etc. | 2024 |
| 300 ## - PHYSICAL DESCRIPTION | |
| Extent | 104 p |
| 505 ## - FORMATTED CONTENTS NOTE | |
| Formatted contents note | The SMS-Based Environment Monitoring System (SEMS) is a step up from the previous systems for environmental monitoring as it come with modern sensors and wireless connectivity. In contrast to the traditional systems, the SEMS provides a complex and at the same time easy-to-implement solution for the effective control of the critical environmental conditions in different facilities, such as airports and data centers.<br/>The SEMS uses Arduino controller and specific sensor nodes to measure temperature, humidity, air quality, and power consumption effectively and accurately. Each sensor node is equipped with specific sensors: the DHT11 for temperature and humidity, the MQ135 for air quality and sensors for current and voltage. These nodes connect wirelessly via ESP32 modules to a master node hence facilitating data transfer and acquisition.<br/>The master node has a GSM module to send SMS alerts in real-time depending on the data collected to facilitate the response to environmental changes. Moreover, the system has a straightforward graphical user interface that further improves the system’s availability and usage by operators. In this regard, this project seeks to enhance environmental monitoring in the CI environments through the development and implementation of this unique monitoring system. |
| 650 ## - SUBJECT ADDED ENTRY--TOPICAL TERM | |
| Topical term or geographic name entry element | UG BESE |
| 9 (RLIN) | 114271 |
| 651 ## - SUBJECT ADDED ENTRY--GEOGRAPHIC NAME | |
| Geographic name | BESE-26 |
| 9 (RLIN) | 125902 |
| 700 ## - ADDED ENTRY--PERSONAL NAME | |
| Personal name | Supervisor Usman Mahmood Malik |
| 9 (RLIN) | 125974 |
| 942 ## - ADDED ENTRY ELEMENTS (KOHA) | |
| Source of classification or shelving scheme | |
| Koha item type | Project Report |
No items available.
